| 000 | 00709nam a2200181Ia 4500 | ||
|---|---|---|---|
| 008 | 151018s9999 xx 000 0 und d | ||
| 082 |
_bRBASDV23371 _a110 |
||
| 100 | _aके वि बेलसरे | ||
| 245 | _aमनाची शक्ती साठवणूक व वागणूक | ||
| 250 | _b1 | ||
| 260 |
_bत्रिदल प्रकाशन मुंबई _c1991 |
||
| 300 | _a163 | ||
| 600 | _aके वि बेलसरे | ||
| 630 | _aमनाची शक्ती साठवणूक व वागणूक | ||
| 700 | _aके वि बेलसरे | ||
| 730 | _aमनाची शक्ती साठवणूक व वागणूक | ||
| 942 | _cBOOK | ||
| 999 |
_c1023027 _d1023024 |
||